000 00638nam a22001817a 4500
005 20240402110927.0
010 _aHIN-127235
020 _a9789391033989
_c200.00
035 _aHN-99581
037 _bDBAD/PUB.
082 _a821
100 _aनागरानी,देवी
_964133
245 _aभीतर सें मै कितनी खाली/
_cनागरानी,देवी
250 _a1
260 _aपुणे
_bस्नेहवर्धन प्रकाशन
_c2023
300 _a120पृ;
_c22 सेमी (अजिल्द)
942 _adpl
_cHN
_2ddc
_h821
_mनागरा
999 _c201852
_d201852